Responses for Show #1566 - Monday, May 27, 1991

Contestants

[<< previous game]

Barrie Creedon, a writer from Philadelphia, Pennsylvania

Eric Newman, an attorney from New York City, New York

Archie Parker, a data management specialist from Merchantville, New Jersey (whose 1-day cash winnings total $10,600)

[next game >>]

Jeopardy! Round responses

MUSIC
SPORTS
FOOD
PRESIDENTIAL RELATIVES
TELEVISION
"OLD" HAT
    $100 17
opus

Eric
    $100 21
a strike

Eric
    $100 16
dessert

Barrie
    $100 1
George Washington

Archie
    $100 6
green

Archie
    $100 11
old soldiers

Archie
    $200 18
Christmas carols

Barrie
    $200 22
archery

Barrie
    $200 24
butter

Eric
    $200 2
Ron Reagan Jr.

Archie
    $200 7
Saturday Night Live

Barrie
    $200 12
an old fashioned

Archie
    $300 19
a tone poem

Barrie
    $300 26
(Archie: What is basketball?)

surfing

ArchieEric
    $300 25
an oyster

Triple Stumper
    $300 3
James Madison

Archie
    $300 8
MacGyver

Archie
    $300 13
the Old Testament

Eric
    $400 20
Paris

Eric
    $400 27
a dive

Barrie
    $400 29
(Barrie: What is cranberry?)

currant

Barrie
Triple Stumper
    $400 4
John Quincy Adams

Archie
    $400 9
Entertainment Tonight

Eric
    $400 14
"Old Ironsides"

Eric
    $500 23
"Give My Regards To Broadway"

Archie
    $500 28
(Archie: What is 7?)

6

Archie
Triple Stumper
    $500 30
(Eric: What is Genoa?)

cotta

ArchieEric
    $1,000 5
[Applause]
(Alex: $2,000 in PRESIDENTIAL RELATIVES, don't you wish that category would continue forever?)
(Archie: Can we have it again?)
(Alex: No, we can't have it again.)

(2 of) Eunice & Rosemary (Kathleen, Patricia & Jean)

Archie
    $500 10
Tiny Tim & Miss Vicki

Archie
    $500 15
Old Fuss and Feathers

Archie

Scores at the first commercial break (after clue 15):

Archie Eric Barrie
$3,700 $1,100 $200

Scores at the end of the Jeopardy! Round:

Archie Eric Barrie
$3,900 $1,700 $1,000

Double Jeopardy! Round responses

BODIES OF WATER
QUOTES
ART
BOTANY
U.S. HISTORY
LEGENDARY CREATURES
    $200 13
the Bay of Bengal

Archie
    $200 2
Eisenhower

Archie
    $200 18
Germany

Eric
    $200 26
spores

Eric
    $200 3
the Dred Scott decision

Archie
    $200 1
dragons

Eric
    $400 14
the Adriatic

Archie
    $400 10
Lives

Barrie
    $400 22
Edward Hopper

Eric
    $400 27
sunflowers

Eric
    $400 4
New York City

Barrie
    $400 8
the Phoenix

Barrie
    $600 15
(1 of 2) Venezuela (or Colombia)

Archie
    $600 19
the purple cow

Barrie
    $600 23
mosaics

Barrie
    $600 28
algae

Barrie
    $600 5
the Scopes trial

Eric
    $600 9
a vampire

Eric
    $800 16
the Arno

Archie
    $800 20
power

Eric
    $800 24
Georges Braque

Eric
    $800 29
(Carolus) Linnaeus

Archie
    $800 6
(Eric: What is statehood?)

major earthquake

Eric
Triple Stumper
    $800 11
a mermaid

Archie
    $1000 17
(Barrie: I'm sorry.)
...
[Applause for Archie running the category]

the Strait of Dover

ArchieBarrie
    $1000 21
unbearable

Eric
    $3,000 25
Modigliani

Eric
    $1,000 30
(Alex: [Prior to the wager] We have less than a minute to go, but that doesn't matter...)
...
(Archie: What is ivy?)

philodendron

Archie
    $1000 7
the Grange

Barrie
    $1000 12
a Hydra

Archie

Scores at the end of the Double Jeopardy! Round:

Archie Eric Barrie
$8,900 $9,100 $4,000

[wagering suggestions for these scores]

Final Jeopardy! Round responses

LITERARY CHARACTERS
(Alex: [To Barrie] There were a number of religious mentions in the book, you know.)
BarrieWhat are is Ahab Moby Dick?
$4,000
ArchieWhat is Moby Dick?
$5,000
EricWhat is [2 words illegible]
$8,800
Moby-Dick

Final scores:

Archie Eric Barrie
$13,900 $300 $8,000
2-day champion: $24,500 3rd place: San Francisco Music Box Company grand piano music box + Nintendo Entertainment System with Wheel of Fortune, Jeopardy! & Fisher Price preschool games + Wheel of Fortune for Game Boy 2nd place: trip on Delta to San Francisco & stay at Savoy Hotel

Game dynamics:

Coryat scores:

Archie Eric Barrie
$9,400 $7,100 $4,000
23 R
(including 1 DD),
3 W
(including 1 DD)
19 R
(including 1 DD),
2 W
13 R,
2 W

Combined Coryat: $20,500

[game clues] [game scores] [suggest correction]

Game tape date: 1991-02-26
The J! Archive is created by fans, for fans. Scraping, republication, monetization, and malicious use prohibited; this site may use cookies and collect identifying information. See terms. The Jeopardy! game show and all elements thereof, including but not limited to copyright and trademark thereto, are the property of Jeopardy Productions, Inc. and are protected under law. This website is not affiliated with, sponsored by, or operated by Jeopardy Productions, Inc. Join the discussion at JBoard.tv.